| 000 | 00555nam a2200181Ia 4500 | ||
|---|---|---|---|
| 008 | 100917s9999 xx 000 0 und d | ||
| 082 | _b3426 | ||
| 100 | _aआपटे ना. ह. | ||
| 245 | _aसंसारात पडण्यापूर्वी | ||
| 260 | _b--- | ||
| 300 | _a111 | ||
| 365 | _b2.5 | ||
| 520 | _aकादंबरी | ||
| 630 | _aसंसारात पडण्यापूर्वी | ||
| 650 | _aकादंबरी | ||
| 730 | _aसंसारात पडण्यापूर्वी | ||
| 942 | _cBOOK | ||
| 999 |
_c608820 _d608817 |
||